Iscrizioni Greche e Latine per lo studio della Bibbia

保存先:
書誌詳細
第一著者: Boffo, Laura (著者)
フォーマット: 図書
言語:イタリア語
出版事項: Brescia Paideia Editrice 1994
版:1a. ed
シリーズ:Biblioteca di Storia e Storiografia dei Tempi Biblici, 9
主題:
タグ: タグ追加
タグなし, このレコードへの初めてのタグを付けませんか!

MARC

LEADER 00000cam a2200000 a 4500
001 UCD8778
003 CL-VaPUC
008 170527e19940000it |||||||||||||||||ita|d
020 |a 8839405178 
082 0 4 |a 220.4  |b BOF  |2 21 
100 0 |a Boffo, Laura  |e author  |9 592280 
245 1 0 |a Iscrizioni Greche e Latine per lo studio della Bibbia 
250 |a 1a. ed 
300 |a 459 p 
942 |c BK 
945 |d 20170527 00:32:00  |a dcastane 
260 |a Brescia  |b Paideia Editrice  |c 1994 
650 0 |a Biblia  |9 257603 
650 7 |a LENGUAJE Y ESTILO  |2 CL-VaPUC  |9 321246 
650 0 |a Filología   |9 321245 
650 0 |a Textos sagrados   |9 257605 
583 |a last modification  |c 20170527 00:32:00  |k Rodrigo Vera 
490 0 |a Biblioteca di Storia e Storiografia dei Tempi Biblici, 9 
999 |c 368087  |d 368085 
952 |0 0  |1 0  |3 erb  |4 0  |6 220_400000000000000_BOF_1994  |7 0  |8 A  |9 483346  |a FDOLAF  |b FDOLAF  |e Laffi, Umberto, 1939-  |i 5392071  |o 220.4 BOF 1994  |p 5392071  |r 2024-01-30  |w 2019-11-24  |y BK  |z Catalogado en:20170527  |k LAF